000 00530nam a2200193Ia 4500
003 GCL
008 140319s9999 xx 000 0 ara d
040 _aGCL /
_cGCL
082 0 4 _a346.092
_bن ا
100 1 _aنبيل الروبى
245 1 0 _aاقتصاديات السياحة /
_cنبيل الروبى
300 _a220 ص
490 _aكتاب
_v0
650 0 4 _aالاقتصاد
650 0 4 _aالسياحة
650 0 4 _aالسياحة والفنادق
650 0 4 _aالسياحة والدولة
942 _2ddc
_cBK
999 _c41273
_d41273